000 01615 a2200181 4500
003 Nust
005 20260117140309.0
040 _cNust
082 _a005.8,JUN
100 _aJunaid, Muhammad
_9132784
245 _aRobust and Low Latency Security Framework for IEEE 802.11 Wireless Networks /
_cMuhammad Junaid
260 _bMCS (NUST)
_cSep 2009
_aRawalpindi
300 _axi, 106 p.
505 _aWireless Networks call for enhanced confidentiality, integrity and authentication services because of their inhernet weakness. ' Counter Mode Cipher Block Chaining Message Authentication Code Protocol' (CCMP) has recently been employed to replace flawed ' Wired Equivalent Privacy ' area networks (WLAN). Meanwhile, IEEE 802.11s - Draft standard for wireless mesh networks (WMN) - has also propsed to use CCMP. CCMP, a two pass process, introduces considerable latency in multi-hop wireless networks susch as WMN. This research exposes the vulnerability of CCMP against precomputation time memory trade-off (TMTO) attack and proposes a framework to strengthen the security of WLAN packets using Per packet security mechanism. Furthermore, a novel robust and low latency framework for WMN is also proposed. The architecture of security framework involes introduction of piggyback challenge response protocol for provideing data confidentiality and data integrity. Piggyback challenge response protocol offers fresh encryption key for every packet, per-packet authentication and use of secreat nonce.
650 _aPhD Information Security Thesis
_9132793
651 _aPhD IS Thesis
_9132794
942 _cTHE
_2ddc
999 _c181208
_d181208